[Event "Portugal Open 2018"]
[Site "Lisboa POR"]
[Date "2018.02.06"]
[Round "5.1"]
[White "To, Nhat Minh"]
[Black "Gomez Ledo, Roberto Carlos"]
[Result "1/2-1/2"]
[BlackElo "2442"]
[WhiteElo "2338"]
[LiveChessVersion "1.4.8"]

1. Nf3 {[%clk 1:30:52]} d6 {[%clk 1:30:14]} 2. d4 {[%clk 1:31:00]} Nf6
{[%clk 1:30:04]} 3. g3 {[%clk 1:31:04]} Nbd7 {[%clk 1:29:22]} 4. c4
{[%clk 1:30:49]} e5 {[%clk 1:29:13]} 5. Nc3 {[%clk 1:31:09]} Be7 {[%clk 1:29:25]}
6. Bg2 {[%clk 1:31:29]} O-O {[%clk 1:29:46]} 7. O-O {[%clk 1:31:54]} Re8
{[%clk 1:30:10]} 8. Qc2 {[%clk 1:32:12]} Bf8 {[%clk 1:29:21]} 9. e4
{[%clk 1:31:27]} exd4 {[%clk 1:21:20]} 10. Nxd4 {[%clk 1:31:34]} Ne5
{[%clk 1:21:12]} 11. b3 {[%clk 1:30:21]} Bd7 {[%clk 1:20:32]} 12. f3
{[%clk 1:25:44]} g6 {[%clk 1:19:03]} 13. Be3 {[%clk 1:24:50]} a6 {[%clk 1:13:15]}
14. a4 {[%clk 1:18:54]} Rb8 {[%clk 1:11:58]} 15. a5 {[%clk 0:56:31]} Nc6
{[%clk 1:01:56]} 16. Nde2 {[%clk 0:55:29]} Bg7 {[%clk 0:56:04]} 17. Qd2
{[%clk 0:54:19]} Qc8 {[%clk 0:54:39]} 18. g4 {[%clk 0:53:25]} h5 {[%clk 0:51:38]}
19. h3 {[%clk 0:51:45]} hxg4 {[%clk 0:49:50]} 20. hxg4 {[%clk 0:51:35]} Ne5
{[%clk 0:49:22]} 21. Ng3 {[%clk 0:48:34]} Bc6 {[%clk 0:39:36]} 22. Ba7
{[%clk 0:36:12]} Ra8 {[%clk 0:38:25]} 23. Bd4 {[%clk 0:36:32]} Nh7
{[%clk 0:31:18]} 24. Nd5 {[%clk 0:26:05]} Bxd5 {[%clk 0:29:34]} 25. exd5
{[%clk 0:25:19]} Nd7 {[%clk 0:27:51]} 26. Bxg7 {[%clk 0:22:58]} Kxg7
{[%clk 0:28:20]} 27. Kf2 {[%clk 0:19:28]} Qb8 {[%clk 0:27:58]} 28. Ne4
{[%clk 0:17:22]} Qa7+ {[%clk 0:27:08]} 29. Kg3 {[%clk 0:17:39]} Nc5
{[%clk 0:17:17]} 30. Rh1 {[%clk 0:13:50]} Nxe4+ {[%clk 0:17:34]} 31. fxe4
{[%clk 0:14:18]} Rh8 {[%clk 0:17:46]} 32. Raf1 {[%clk 0:06:53]} f6
{[%clk 0:13:17]} 33. e5 {[%clk 0:02:44]} dxe5 {[%clk 0:12:17]} 34. d6
{[%clk 0:03:13]} c6 {[%clk 0:11:42]} 35. d7 {[%clk 0:00:40]} Qd4 {[%clk 0:08:40]}
36. Qxd4 {[%clk 0:00:38]} exd4 {[%clk 0:09:08]} 37. Rd1 {[%clk 0:00:58]} Nf8
{[%clk 0:07:26]} 38. Rhe1 {[%clk 0:01:05]} Kf7 {[%clk 0:07:48]} 39. Rxd4
{[%clk 0:00:49]} Rd8 {[%clk 0:08:13]} 40. Red1 {[%clk 0:00:43]} Ke7
{[%clk 0:06:42]} 41. Re1+ {[%clk 0:01:12]} Kf7 {[%clk 0:07:01]} 42. Red1
{[%clk 0:01:41]} Ke7 {[%clk 0:07:25]} 43. Re1+ {[%clk 0:02:10]} Kf7 1/2-1/2

[Event "Portugal Open 2018"]
[Site "Lisboa POR"]
[Date "2018.02.06"]
[Round "5.2"]
[White "Anurag, Mhamal"]
[Black "Jobava, Baadur"]
[Result "1-0"]
[BlackElo "2685"]
[WhiteElo "2476"]
[LiveChessVersion "1.4.8"]

1. Nf3 {[%clk 1:28:44]} d5 {[%clk 1:30:54]} 2. g3 {[%clk 1:29:06]} Bf5
{[%clk 1:31:15]} 3. Bg2 {[%clk 1:29:27]} e6 {[%clk 1:31:41]} 4. d3
{[%clk 1:29:10]} h6 {[%clk 1:32:03]} 5. O-O {[%clk 1:29:29]} c6 {[%clk 1:32:27]}
6. Nbd2 {[%clk 1:20:50]} Bd6 {[%clk 1:32:30]} 7. c4 {[%clk 1:14:07]} Ne7
{[%clk 1:32:03]} 8. cxd5 {[%clk 1:06:02]} exd5 {[%clk 1:31:56]} 9. Qb3
{[%clk 1:05:24]} Nd7 {[%clk 1:31:42]} 10. e4 {[%clk 0:58:24]} Bh7
{[%clk 1:31:12]} 11. Qc3 {[%clk 0:58:49]} O-O {[%clk 1:31:26]} 12. b4
{[%clk 0:57:26]} Ng6 {[%clk 1:27:23]} 13. Bb2 {[%clk 0:57:09]} Nde5
{[%clk 1:25:28]} 14. Nxe5 {[%clk 0:50:32]} Bxe5 {[%clk 1:25:52]} 15. d4
{[%clk 0:50:55]} Bc7 {[%clk 1:25:42]} 16. exd5 {[%clk 0:47:22]} cxd5
{[%clk 1:26:06]} 17. Rac1 {[%clk 0:46:58]} Bb8 {[%clk 1:24:04]} 18. Nb3
{[%clk 0:45:22]} Ne7 {[%clk 1:24:27]} 19. Rfe1 {[%clk 0:35:44]} Bd6
{[%clk 1:24:26]} 20. Nc5 {[%clk 0:32:54]} Rb8 {[%clk 1:21:58]} 21. Bh3
{[%clk 0:22:09]} Re8 {[%clk 1:22:14]} 22. Qf3 {[%clk 0:20:17]} b6
{[%clk 1:19:30]} 23. Nd7 {[%clk 0:15:21]} Be4 {[%clk 1:19:54]} 24. Qb3
{[%clk 0:14:30]} Rb7 {[%clk 1:17:07]} 25. Ne5 {[%clk 0:13:08]} Rf8
{[%clk 1:17:32]} 26. b5 {[%clk 0:10:53]} Rc7 {[%clk 1:16:00]} 27. Rxc7
{[%clk 0:09:44]} Qxc7 {[%clk 1:16:24]} 28. Rc1 {[%clk 0:10:12]} Qb7
{[%clk 1:16:31]} 29. Ba3 {[%clk 0:10:30]} Rd8 {[%clk 1:16:00]} 30. Bxd6
{[%clk 0:09:19]} Rxd6 {[%clk 1:16:25]} 31. Qa3 {[%clk 0:09:25]} Rd8
{[%clk 1:16:41]} 32. f3 {[%clk 0:07:19]} Bg6 {[%clk 1:14:18]} 33. Nc6
{[%clk 0:07:08]} Nxc6 {[%clk 1:14:40]} 34. bxc6 {[%clk 0:07:32]} Qc7
{[%clk 1:15:07]} 35. Qe3 {[%clk 0:07:58]} f5 {[%clk 1:08:56]} 36. Qe5
{[%clk 0:07:24]} Qxe5 {[%clk 1:09:19]} 37. dxe5 {[%clk 0:07:47]} Rc8
{[%clk 1:09:13]} 38. c7 {[%clk 0:07:23]} b5 {[%clk 1:07:33]} 39. g4
{[%clk 0:06:58]} 1-0

[Event "Portugal Open 2018"]
[Site "Lisboa POR"]
[Date "2018.02.06"]
[Round "5.3"]
[White "Demchenko, Anton"]
[Black "Savanovic, Aleksandar"]
[Result "1-0"]
[BlackElo "2448"]
[WhiteElo "2671"]
[LiveChessVersion "1.4.8"]

1. e4 {[%clk 1:30:56]} e5 {[%clk 1:30:53]} 2. Nf3 {[%clk 1:31:23]} Nc6
{[%clk 1:31:14]} 3. Bc4 {[%clk 1:31:45]} Bc5 {[%clk 1:31:36]} 4. d3
{[%clk 1:32:09]} Nf6 {[%clk 1:31:52]} 5. c3 {[%clk 1:31:59]} d6 {[%clk 1:32:05]}
6. O-O {[%clk 1:32:11]} a6 {[%clk 1:30:50]} 7. a4 {[%clk 1:32:32]} Ba7
{[%clk 1:30:50]} 8. Re1 {[%clk 1:32:23]} O-O {[%clk 1:28:57]} 9. h3
{[%clk 1:32:26]} h6 {[%clk 1:29:03]} 10. Nbd2 {[%clk 1:32:27]} Ne7
{[%clk 1:28:29]} 11. Nf1 {[%clk 1:30:07]} Ng6 {[%clk 1:27:52]} 12. Ng3
{[%clk 1:30:11]} Nh7 {[%clk 1:24:21]} 13. d4 {[%clk 1:05:34]} Qf6
{[%clk 1:23:52]} 14. Be3 {[%clk 1:00:15]} Ng5 {[%clk 1:20:31]} 15. Nh2
{[%clk 0:54:54]} Nf4 {[%clk 1:01:47]} 16. Ng4 {[%clk 0:48:05]} Qg6
{[%clk 0:58:47]} 17. Bxf4 {[%clk 0:42:36]} exf4 {[%clk 0:57:09]} 18. Nf5
{[%clk 0:32:38]} Bxf5 {[%clk 0:56:03]} 19. exf5 {[%clk 0:33:06]} Qxf5
{[%clk 0:45:25]} 20. h4 {[%clk 0:30:26]} Ne6 {[%clk 0:45:25]} 21. Bd3
{[%clk 0:25:53]} Qd5 {[%clk 0:45:14]} 22. Be4 {[%clk 0:25:10]} Qc4
{[%clk 0:44:54]} 23. Rc1 {[%clk 0:23:44]} d5 {[%clk 0:39:48]} 24. Bb1
{[%clk 0:15:09]} Qc6 {[%clk 0:39:29]} 25. Ne5 {[%clk 0:14:37]} Qd6
{[%clk 0:39:20]} 26. Qd3 {[%clk 0:14:07]} f5 {[%clk 0:35:55]} 27. Qh3
{[%clk 0:14:35]} Rf6 {[%clk 0:35:11]} 28. Bxf5 {[%clk 0:15:02]} Nf8
{[%clk 0:35:26]} 29. b4 {[%clk 0:12:37]} a5 {[%clk 0:34:26]} 30. b5
{[%clk 0:12:48]} c5 {[%clk 0:34:21]} 31. bxc6 {[%clk 0:12:48]} bxc6
{[%clk 0:34:46]} 32. Bb1 {[%clk 0:10:31]} c5 {[%clk 0:33:45]} 33. c4
{[%clk 0:09:07]} cxd4 {[%clk 0:16:21]} 34. cxd5 {[%clk 0:09:35]} Re8
{[%clk 0:16:18]} 35. Nc6 {[%clk 0:09:13]} Rxe1+ {[%clk 0:16:26]} 36. Rxe1
{[%clk 0:09:42]} Bc5 {[%clk 0:16:42]} 37. Qf3 {[%clk 0:07:41]} Qd7
{[%clk 0:13:31]} 38. Bd3 {[%clk 0:07:30]} Kh8 {[%clk 0:12:54]} 39. h5
{[%clk 0:07:12]} Nh7 {[%clk 0:12:33]} 40. Ne5 {[%clk 0:07:03]} Qd6
{[%clk 0:10:18]} 41. Ng6+ {[%clk 0:07:13]} Kg8 {[%clk 0:10:35]} 42. Re8+
{[%clk 0:07:14]} Nf8 {[%clk 0:11:00]} 43. Qe4 {[%clk 0:06:53]} f3
{[%clk 0:10:40]} 44. Nxf8 {[%clk 0:06:23]} Rxf8 {[%clk 0:10:55]} 45. Re6
{[%clk 0:05:22]} Qf4 {[%clk 0:10:43]} 46. Qh7+ {[%clk 0:05:38]} Kf7
{[%clk 0:10:55]} 47. Bg6# 1-0

[Event "Portugal Open 2018"]
[Site "Lisboa POR"]
[Date "2018.02.06"]
[Round "5.4"]
[White "Venkatesh, M.R."]
[Black "Ghamarian, Tigran"]
[Result "1/2-1/2"]
[BlackElo "2622"]
[WhiteElo "2445"]
[LiveChessVersion "1.4.8"]

1. Nf3 {[%clk 1:28:09]} d5 {[%clk 1:30:28]} 2. g3 {[%clk 1:28:32]} g6
{[%clk 1:30:21]} 3. Bg2 {[%clk 1:28:11]} Bg7 {[%clk 1:30:45]} 4. d4
{[%clk 1:22:21]} Nf6 {[%clk 1:30:24]} 5. O-O {[%clk 1:22:44]} O-O
{[%clk 1:30:49]} 6. c4 {[%clk 1:22:52]} dxc4 {[%clk 1:31:11]} 7. Na3
{[%clk 1:23:17]} c3 {[%clk 1:31:14]} 8. bxc3 {[%clk 1:23:41]} c5 {[%clk 1:31:41]}
9. Ne5 {[%clk 1:23:44]} Nd5 {[%clk 1:21:00]} 10. Bd2 {[%clk 1:11:54]} Nc6
{[%clk 1:15:31]} 11. Nac4 {[%clk 1:11:08]} Nxe5 {[%clk 1:02:03]} 12. Nxe5
{[%clk 1:09:35]} Be6 {[%clk 1:01:17]} 13. Rb1 {[%clk 0:47:38]} Bxe5
{[%clk 0:57:44]} 14. dxe5 {[%clk 0:43:26]} Qc7 {[%clk 0:58:03]} 15. f4
{[%clk 0:35:09]} Rfd8 {[%clk 0:56:44]} 16. Qc2 {[%clk 0:25:06]} Bg4
{[%clk 0:53:19]} 17. Rf2 {[%clk 0:22:56]} Nb6 {[%clk 0:51:45]} 18. Rbf1
{[%clk 0:20:18]} Bf5 {[%clk 0:49:47]} 19. e4 {[%clk 0:19:04]} Be6
{[%clk 0:43:16]} 20. f5 {[%clk 0:18:24]} Bc4 {[%clk 0:43:24]} 21. e6
{[%clk 0:18:35]} fxe6 {[%clk 0:43:35]} 22. fxg6 {[%clk 0:15:21]} hxg6
{[%clk 0:43:19]} 23. Qd1 {[%clk 0:09:17]} e5 {[%clk 0:40:43]} 24. Qg4
{[%clk 0:07:42]} Rd6 {[%clk 0:40:51]} 25. Re1 {[%clk 0:07:30]} Rf8
{[%clk 0:39:17]} 26. Rxf8+ {[%clk 0:07:37]} Kxf8 {[%clk 0:39:28]} 27. Qh4
{[%clk 0:07:35]} Ke8 {[%clk 0:28:57]} 28. Bg5 {[%clk 0:07:25]} Qd8
{[%clk 0:15:18]} 29. Bh3 {[%clk 0:04:05]} Rd1 {[%clk 0:14:27]} 30. Qh8+
{[%clk 0:02:20]} Kf7 {[%clk 0:14:56]} 31. Qh7+ {[%clk 0:02:23]} Ke8
{[%clk 0:15:25]} 1/2-1/2

[Event "Portugal Open 2018"]
[Site "Lisboa POR"]
[Date "2018.02.06"]
[Round "5.5"]
[White "Kaczur, Florian"]
[Black "Indjic, Aleksandar"]
[Result "1/2-1/2"]
[BlackElo "2612"]
[WhiteElo "2459"]
[LiveChessVersion "1.4.8"]

1. e4 c5 2. Nf3 d6 3. Bb5+ Nd7 4. d4 cxd4 5. Qxd4 a6 6. Bxd7+ Bxd7 7. c4 e5 8.
Qd3 b5 9. Nc3 Rb8 10. O-O h6 11. b3 Nf6 12. Bb2 Be7 13. Rac1 bxc4 14. Qxc4 Qa5
15. Rfd1 O-O 16. Qd3 Rfc8 17. Nd2 Be6 18. Nf1 Rc6 19. Ne3 Rbc8 20. f3 Bd8 21. Na4
Qb4 22. Rxc6 Rxc6 23. Bxe5 dxe5 24. Qxd8+ Kh7 25. Qd2 Qb5 26. Rc1 Rxc1+ 27. Qxc1
Qe2 28. Nc3 Qd3 29. Kf2 Nh5 30. Ncd5 Nf4 31. Nxf4 exf4 32. Nd5 Qd4+ 33. Ke2 g5
34. h4 Bxd5 35. exd5 Qe5+ 36. Kf1 Qxd5 37. Qc2+ Kg7 38. hxg5 hxg5 39. Qc3+ f6 40.
a4 a5 41. b4 axb4 42. Qxb4 Qd3+ 43. Kg1 Qe3+ 44. Kh1 f5 45. a5 Qc1+ 46. Kh2 g4
47. fxg4 fxg4 48. Qe4 Kf6 49. a6 Kg5 50. Qe5+ Kh4 51. g3+ fxg3+ 52. Qxg3+ Kg5 53.
Qe5+ Kh4 54. Qf6+ Kh5 55. Qf5+ Kh4 56. Qf2+ Kh5 57. a7 Qc7+ 58. Kg2 Qc6+ 59. Kf1
Qc4+ 60. Ke1 Qc1+ 1/2-1/2

[Event "Portugal Open 2018"]
[Site "Lisboa POR"]
[Date "2018.02.06"]
[Round "5.6"]
[White "Petrov, Nikita"]
[Black "Nayhebaver, Martin"]
[Result "1/2-1/2"]
[BlackElo "2456"]
[WhiteElo "2573"]
[LiveChessVersion "1.4.8"]

1. Nf3 {[%clk 1:29:54]} Nf6 {[%clk 1:30:28]} 2. c4 {[%clk 1:30:12]} b6
{[%clk 1:30:19]} 3. g3 {[%clk 1:30:23]} Bb7 {[%clk 1:30:18]} 4. Bg2
{[%clk 1:30:45]} e6 {[%clk 1:30:20]} 5. O-O {[%clk 1:30:42]} Be7 {[%clk 1:30:32]}
6. d4 {[%clk 1:30:30]} O-O {[%clk 1:30:30]} 7. d5 {[%clk 1:30:07]} exd5
{[%clk 1:29:53]} 8. Nh4 {[%clk 1:30:31]} c6 {[%clk 1:29:24]} 9. cxd5
{[%clk 1:30:08]} Nxd5 {[%clk 1:28:41]} 10. Nf5 {[%clk 1:30:28]} Nc7
{[%clk 1:28:18]} 11. Nc3 {[%clk 1:30:04]} d5 {[%clk 1:28:00]} 12. e4
{[%clk 1:30:24]} Bf6 {[%clk 1:27:15]} 13. exd5 {[%clk 1:30:11]} cxd5
{[%clk 1:27:30]} 14. Bf4 {[%clk 1:26:47]} Nba6 {[%clk 1:25:33]} 15. Re1
{[%clk 1:26:36]} Bc8 {[%clk 1:24:28]} 16. Qh5 {[%clk 1:23:14]} Be6
{[%clk 0:48:54]} 17. Rad1 {[%clk 1:04:13]} Qc8 {[%clk 0:48:06]} 18. Ne3
{[%clk 0:48:44]} Bxc3 {[%clk 0:42:56]} 19. bxc3 {[%clk 0:48:50]} Rb8
{[%clk 0:42:18]} 20. c4 {[%clk 0:30:05]} dxc4 {[%clk 0:41:47]} 21. Be5
{[%clk 0:28:45]} Nc5 {[%clk 0:35:20]} 22. Bxg7 {[%clk 0:13:35]} Kxg7
{[%clk 0:35:43]} 23. Qg5+ {[%clk 0:13:57]} Kh8 {[%clk 0:36:09]} 24. Qf6+
{[%clk 0:14:18]} Kg8 {[%clk 0:36:34]} 25. Qg5+ {[%clk 0:09:36]} Kh8
{[%clk 0:37:02]} 26. Qf6+ {[%clk 0:10:02]} Kg8 {[%clk 0:37:30]} 27. Ng4
{[%clk 0:08:50]} Bxg4 {[%clk 0:34:39]} 28. Qg5+ {[%clk 0:09:14]} Kh8
{[%clk 0:35:06]} 29. Qf6+ {[%clk 0:09:40]} Kg8 {[%clk 0:35:35]} 30. Qg5+
{[%clk 0:08:55]} 1/2-1/2

[Event "Portugal Open 2018"]
[Site "Lisboa POR"]
[Date "2018.02.06"]
[Round "5.7"]
[White "Korneev, Oleg"]
[Black "Campora, Daniel H"]
[Result "1/2-1/2"]
[BlackElo "2426"]
[WhiteElo "2554"]
[LiveChessVersion "1.4.8"]

1. e4 {[%clk 1:27:51]} Nf6 {[%clk 1:30:24]} 2. e5 {[%clk 1:28:17]} Nd5
{[%clk 1:30:50]} 3. d4 {[%clk 1:28:43]} d6 {[%clk 1:31:14]} 4. Nf3
{[%clk 1:29:11]} g6 {[%clk 1:31:23]} 5. Bc4 {[%clk 1:29:35]} Nb6 {[%clk 1:28:32]}
6. Bb3 {[%clk 1:28:28]} Bg7 {[%clk 1:28:31]} 7. O-O {[%clk 1:27:46]} O-O
{[%clk 1:27:14]} 8. h3 {[%clk 1:28:02]} Nc6 {[%clk 1:24:57]} 9. Qe2
{[%clk 1:28:06]} Na5 {[%clk 1:17:15]} 10. Nc3 {[%clk 1:28:24]} d5
{[%clk 1:05:47]} 11. Bf4 {[%clk 1:26:32]} c6 {[%clk 1:04:23]} 12. Qd2
{[%clk 1:26:20]} Nbc4 {[%clk 1:03:37]} 13. Qc1 {[%clk 1:19:38]} f6
{[%clk 1:03:43]} 14. Re1 {[%clk 1:12:36]} fxe5 {[%clk 0:54:17]} 15. Nxe5
{[%clk 1:12:31]} Nxe5 {[%clk 0:50:15]} 16. Bxe5 {[%clk 1:11:45]} Bf6
{[%clk 0:41:10]} 17. Qh6 {[%clk 1:02:38]} Rf7 {[%clk 0:38:00]} 18. Re2
{[%clk 0:57:59]} Bd7 {[%clk 0:30:47]} 19. Rae1 {[%clk 0:57:53]} e6
{[%clk 0:29:00]} 20. Qd2 {[%clk 0:51:47]} b6 {[%clk 0:27:36]} 21. Nd1
{[%clk 0:51:36]} c5 {[%clk 0:21:07]} 22. Bxf6 {[%clk 0:43:55]} Rxf6
{[%clk 0:16:15]} 23. dxc5 {[%clk 0:28:10]} bxc5 {[%clk 0:14:31]} 24. Bxd5
{[%clk 0:27:59]} exd5 {[%clk 0:14:55]} 25. Re7 {[%clk 0:26:48]} d4
{[%clk 0:02:41]} 26. Qh6 {[%clk 0:22:13]} Rf7 {[%clk 0:03:08]} 27. Rxf7
{[%clk 0:22:38]} Kxf7 {[%clk 0:03:35]} 28. Qxh7+ {[%clk 0:22:56]} Kf8
{[%clk 0:03:55]} 29. Qxg6 {[%clk 0:20:59]} Qb6 {[%clk 0:04:05]} 30. Qh7
{[%clk 0:17:53]} Re8 {[%clk 0:04:23]} 31. Qh8+ {[%clk 0:16:12]} Kf7
{[%clk 0:04:50]} 32. Qh5+ {[%clk 0:09:35]} Kf8 {[%clk 0:05:17]} 33. Qh8+
{[%clk 0:09:14]} Kf7 {[%clk 0:05:44]} 34. Qh7+ {[%clk 0:09:40]} Kf8
{[%clk 0:06:08]} 35. Qh8+ {[%clk 0:09:58]} 1/2-1/2

[Event "Portugal Open 2018"]
[Site "Lisboa POR"]
[Date "2018.02.06"]
[Round "5.8"]
[White "Froewis, Georg"]
[Black "Santos Latasa, Jaime"]
[Result "0-1"]
[BlackElo "2546"]
[WhiteElo "2428"]
[LiveChessVersion "1.4.8"]

1. Nf3 {[%clk 1:30:57]} e6 {[%clk 1:30:55]} 2. c4 {[%clk 1:30:58]} d5
{[%clk 1:31:19]} 3. d4 {[%clk 1:31:25]} Nf6 {[%clk 1:31:45]} 4. Nc3
{[%clk 1:31:49]} Bb4 {[%clk 1:32:10]} 5. Qa4+ {[%clk 1:32:05]} Nc6
{[%clk 1:32:34]} 6. Ne5 {[%clk 1:32:28]} Bd7 {[%clk 1:32:58]} 7. Nxd7
{[%clk 1:32:51]} Nxd7 {[%clk 1:32:54]} 8. cxd5 {[%clk 1:33:08]} Nb6
{[%clk 1:33:18]} 9. Qb5 a6 {[%clk 1:23:39]} 10. Qd3 {[%clk 1:33:35]} Qxd5
{[%clk 1:24:03]} 11. a3 {[%clk 1:31:23]} Qb3 {[%clk 1:21:57]} 12. e3
{[%clk 1:19:36]} Ba5 {[%clk 1:14:10]} 13. Be2 {[%clk 1:14:01]} Nd5
{[%clk 1:06:09]} 14. O-O {[%clk 1:07:51]} Nxc3 {[%clk 0:57:29]} 15. bxc3
{[%clk 1:07:19]} Qxc3 {[%clk 0:57:55]} 16. Qb1 {[%clk 1:07:36]} Bb6
{[%clk 0:58:18]} 17. Bb2 {[%clk 0:46:50]} Qb3 {[%clk 0:57:27]} 18. Rc1
{[%clk 0:47:05]} O-O {[%clk 0:56:26]} 19. Bc4 {[%clk 0:41:57]} Qa4
{[%clk 0:56:51]} 20. Qe4 {[%clk 0:34:17]} Rae8 {[%clk 0:55:19]} 21. Qg4
{[%clk 0:28:41]} Na5 {[%clk 0:53:55]} 22. d5 {[%clk 0:23:02]} e5 {[%clk 0:54:07]}
23. d6 {[%clk 0:22:44]} Kh8 {[%clk 0:50:52]} 24. dxc7 {[%clk 0:16:07]} Bxc7
{[%clk 0:50:53]} 25. Rab1 {[%clk 0:14:54]} Bd6 {[%clk 0:50:35]} 26. Qe2
{[%clk 0:13:55]} Nxc4 {[%clk 0:50:27]} 27. Rxc4 {[%clk 0:14:15]} Qb3
{[%clk 0:48:35]} 28. Qf1 {[%clk 0:12:46]} Qa2 {[%clk 0:44:39]} 29. Qc1
{[%clk 0:13:13]} Rd8 {[%clk 0:44:52]} 30. Qc2 {[%clk 0:10:43]} b5
{[%clk 0:43:40]} 31. Rc6 {[%clk 0:07:11]} Bxa3 {[%clk 0:40:38]} 32. Rxa6
{[%clk 0:06:18]} b4 {[%clk 0:41:03]} 33. Qc1 {[%clk 0:04:04]} Rc8
{[%clk 0:39:20]} 34. Qf1 {[%clk 0:04:02]} Qxb2 {[%clk 0:38:45]} 35. Rxb2
{[%clk 0:03:55]} Bxb2 {[%clk 0:39:04]} 36. Ra2 {[%clk 0:04:09]} Rc2
{[%clk 0:39:12]} 37. g3 {[%clk 0:03:41]} b3 {[%clk 0:39:35]} 38. Rxb2
{[%clk 0:03:47]} Rxb2 {[%clk 0:39:59]} 39. Qd3 {[%clk 0:03:50]} Kg8
{[%clk 0:38:09]} 40. Kg2 {[%clk 0:04:11]} Rc8 {[%clk 0:38:09]} 41. Qb5
{[%clk 0:03:54]} h6 {[%clk 0:38:20]} 42. Kh3 {[%clk 0:02:30]} Rxf2
{[%clk 0:34:27]} 43. Qxb3 {[%clk 0:02:48]} Rcc2 {[%clk 0:34:52]} 44. e4
{[%clk 0:02:36]} Rxh2+ {[%clk 0:34:56]} 45. Kg4 {[%clk 0:03:04]} g6
{[%clk 0:33:55]} 46. Qb8+ {[%clk 0:02:53]} Kh7 {[%clk 0:34:19]} 47. Qf8
{[%clk 0:02:54]} Rhf2 {[%clk 0:34:27]} 48. Qe7 {[%clk 0:02:16]} Rce2
{[%clk 0:34:32]} 49. Kh3 {[%clk 0:01:57]} h5 {[%clk 0:34:27]} 50. g4
{[%clk 0:02:03]} Rh2+ {[%clk 0:34:44]} 51. Kg3 {[%clk 0:02:29]} h4+
{[%clk 0:35:10]} 0-1

[Event "Portugal Open 2018"]
[Site "Lisboa POR"]
[Date "2018.02.06"]
[Round "5.9"]
[White "Repka, Christopher"]
[Black "Sousa, Andre Ventura"]
[Result "1-0"]
[BlackElo "2405"]
[WhiteElo "2513"]
[LiveChessVersion "1.4.8"]

1. e4 {[%clk 1:30:59]} e5 {[%clk 1:30:53]} 2. Nf3 {[%clk 1:31:25]} Nc6
{[%clk 1:31:16]} 3. Bb5 {[%clk 1:31:52]} a6 {[%clk 1:31:25]} 4. Ba4
{[%clk 1:32:16]} Nge7 {[%clk 1:31:49]} 5. Nc3 {[%clk 1:29:19]} g6
{[%clk 1:29:50]} 6. d4 {[%clk 1:17:11]} exd4 7. Nd5 {[%clk 1:17:09]} Bg7
{[%clk 1:09:52]} 8. Bg5 {[%clk 1:17:34]} b5 {[%clk 1:10:14]} 9. Nxd4
{[%clk 1:14:16]} bxa4 {[%clk 1:00:43]} 10. Nxc6 {[%clk 1:11:09]} dxc6
{[%clk 1:01:04]} 11. Bxe7 {[%clk 1:11:32]} Qd7 {[%clk 1:01:30]} 12. Nf6+
{[%clk 1:04:46]} Bxf6 {[%clk 0:57:22]} 13. Bxf6 {[%clk 1:05:10]} Qxd1+
{[%clk 0:57:50]} 14. Rxd1 {[%clk 1:05:34]} O-O {[%clk 0:58:16]} 15. Rd4
{[%clk 1:05:59]} Re8 {[%clk 0:58:35]} 16. Rxa4 {[%clk 1:05:47]} Bf5
{[%clk 0:54:10]} 17. f3 {[%clk 1:06:11]} Re6 {[%clk 0:54:38]} 18. Bc3
{[%clk 1:02:12]} g5 {[%clk 0:55:00]} 19. Ra5 {[%clk 1:01:06]} Bg6
{[%clk 0:55:25]} 20. Rxg5 {[%clk 1:01:32]} f6 {[%clk 0:55:48]} 21. Ra5
{[%clk 1:00:41]} f5 {[%clk 0:54:08]} 22. O-O {[%clk 0:59:43]} fxe4
{[%clk 0:54:12]} 23. f4 {[%clk 1:00:10]} Rd6 {[%clk 0:53:47]} 24. f5
{[%clk 0:58:38]} Bh5 {[%clk 0:53:49]} 25. Re5 {[%clk 0:57:20]} Re8
{[%clk 0:53:50]} 26. Rxe8+ {[%clk 0:56:17]} Bxe8 {[%clk 0:54:08]} 27. Re1
{[%clk 0:56:43]} Bf7 {[%clk 0:53:27]} 28. Rxe4 {[%clk 0:55:47]} Rd1+
{[%clk 0:53:52]} 29. Re1 {[%clk 0:53:45]} Rxe1+ {[%clk 0:54:05]} 30. Bxe1
{[%clk 0:54:10]} Bxa2 {[%clk 0:54:31]} 31. g4 {[%clk 0:54:33]} Bb1
{[%clk 0:54:53]} 32. c3 {[%clk 0:54:59]} 1-0

[Event "Portugal Open 2018"]
[Site "Lisboa POR"]
[Date "2018.02.06"]
[Round "5.10"]
[White "Sterck, Arno"]
[Black "Kanarek, Marcel"]
[Result "1/2-1/2"]
[BlackElo "2512"]
[WhiteElo "2295"]
[LiveChessVersion "1.4.8"]

1. Nf3 {[%clk 1:26:40]} Nf6 {[%clk 1:30:42]} 2. c4 {[%clk 1:27:04]} g6
{[%clk 1:31:00]} 3. d4 {[%clk 1:27:30]} Bg7 {[%clk 1:31:20]} 4. g3
{[%clk 1:27:55]} O-O {[%clk 1:29:32]} 5. Bg2 {[%clk 1:28:22]} d6 {[%clk 1:28:04]}
6. O-O {[%clk 1:25:04]} c5 {[%clk 1:28:01]} 7. d5 {[%clk 1:24:36]} e6
{[%clk 1:27:51]} 8. Nc3 {[%clk 1:24:59]} exd5 {[%clk 1:27:16]} 9. cxd5
{[%clk 1:25:22]} Re8 {[%clk 1:25:31]} 10. Bf4 {[%clk 1:23:36]} a6
{[%clk 1:03:14]} 11. a4 {[%clk 1:23:58]} Qe7 {[%clk 1:02:46]} 12. Nd2
{[%clk 1:15:27]} Nh5 {[%clk 0:55:36]} 13. Be3 {[%clk 1:11:58]} Nd7
{[%clk 0:54:09]} 14. Nc4 {[%clk 1:01:39]} Ne5 {[%clk 0:51:53]} 15. Nb6
{[%clk 1:00:58]} Rb8 {[%clk 0:51:47]} 16. Bc1 {[%clk 0:59:56]} Nd7
{[%clk 0:47:58]} 17. Nc4 {[%clk 0:58:56]} Ne5 {[%clk 0:46:03]} 18. Nb6
{[%clk 0:58:46]} Nd7 {[%clk 0:35:45]} 19. Nc4 {[%clk 0:59:08]} Ne5
{[%clk 0:35:05]} 1/2-1/2